000
00291nam a22001337a 4500
008
210429b ||||| |||| 00| 0 eng d
041
_a
eng
080
_a
33
082
_a
33
100
_a
58
101
_a
BIZ
245
_a
Business Communication for Success
_c
Lean,S.M
942
_2
udc
_c
BK
999
_c
56980
_d
56980